<?xml version="1.0" encoding="UTF-8"?>
<record
    xmlns:xsi="http://www.w3.org/2001/XMLSchema-instance"
    xsi:schemaLocation="http://www.loc.gov/MARC21/slim http://www.loc.gov/standards/marcxml/schema/MARC21slim.xsd"
    xmlns="http://www.loc.gov/MARC21/slim">

  <leader>00678nam a22002297a 4500</leader>
  <controlfield tag="001">85487</controlfield>
  <controlfield tag="003">BD-RjUL</controlfield>
  <controlfield tag="005">20250810100632.0</controlfield>
  <controlfield tag="008">250810s1954    us a|||| |||| 00| 0 eng d</controlfield>
  <datafield tag="035" ind1=" " ind2=" ">
    <subfield code="a">(BD-RjUL)85487</subfield>
  </datafield>
  <datafield tag="040" ind1=" " ind2=" ">
    <subfield code="a">BD-RjUL</subfield>
    <subfield code="b">eng</subfield>
    <subfield code="c">BD-RjUL</subfield>
    <subfield code="d">DLC</subfield>
    <subfield code="e">DLC</subfield>
  </datafield>
  <datafield tag="041" ind1=" " ind2=" ">
    <subfield code="a">eng</subfield>
  </datafield>
  <datafield tag="082" ind1=" " ind2=" ">
    <subfield code="2">23</subfield>
    <subfield code="a">920.42</subfield>
    <subfield code="b">WHO 1954</subfield>
  </datafield>
  <datafield tag="245" ind1=" " ind2=" ">
    <subfield code="a">The Chartered Institute of Secret Aries,</subfield>
    <subfield code="c">Who s, Who</subfield>
  </datafield>
  <datafield tag="246" ind1=" " ind2=" ">
    <subfield code="a">14 New Bridge Street, London, E. C. A.</subfield>
    <subfield code="b">Adam and Charles Black</subfield>
  </datafield>
  <datafield tag="260" ind1=" " ind2=" ">
    <subfield code="a">London</subfield>
    <subfield code="b">London W. I.</subfield>
    <subfield code="c">1954</subfield>
  </datafield>
  <datafield tag="300" ind1=" " ind2=" ">
    <subfield code="a">3264 page,</subfield>
    <subfield code="b">ill,;</subfield>
    <subfield code="c">8 cm.</subfield>
  </datafield>
  <datafield tag="505" ind1=" " ind2=" ">
    <subfield code="a">Vol-1,</subfield>
  </datafield>
  <datafield tag="650" ind1=" " ind2=" ">
    <subfield code="a">Institute of Secret</subfield>
    <subfield code="v">Chartered</subfield>
    <subfield code="9">16533</subfield>
  </datafield>
  <datafield tag="700" ind1=" " ind2=" ">
    <subfield code="a">Who s, Who</subfield>
    <subfield code="9">16534</subfield>
  </datafield>
  <datafield tag="942" ind1=" " ind2=" ">
    <subfield code="2">ddc</subfield>
    <subfield code="c">BK</subfield>
  </datafield>
  <datafield tag="999" ind1=" " ind2=" ">
    <subfield code="c">85487</subfield>
    <subfield code="d">85487</subfield>
  </datafield>
  <datafield tag="952" ind1=" " ind2=" ">
    <subfield code="0">0</subfield>
    <subfield code="1">0</subfield>
    <subfield code="2">ddc</subfield>
    <subfield code="4">0</subfield>
    <subfield code="7">1</subfield>
    <subfield code="a">RUCL</subfield>
    <subfield code="b">RUCL</subfield>
    <subfield code="c">REF</subfield>
    <subfield code="d">1955-06-13</subfield>
    <subfield code="l">0</subfield>
    <subfield code="o">R 920.42 WHO 1954</subfield>
    <subfield code="r">2025-08-10 00:00:00</subfield>
    <subfield code="t">C-1</subfield>
    <subfield code="w">2025-08-10</subfield>
    <subfield code="y">BK</subfield>
  </datafield>
  <datafield tag="952" ind1=" " ind2=" ">
    <subfield code="0">0</subfield>
    <subfield code="1">0</subfield>
    <subfield code="2">ddc</subfield>
    <subfield code="4">0</subfield>
    <subfield code="7">1</subfield>
    <subfield code="a">RUCL</subfield>
    <subfield code="b">RUCL</subfield>
    <subfield code="c">REF</subfield>
    <subfield code="d">1954-07-05</subfield>
    <subfield code="l">0</subfield>
    <subfield code="o">R 920.42 WHO 1954</subfield>
    <subfield code="r">2025-08-10 00:00:00</subfield>
    <subfield code="t">C-1</subfield>
    <subfield code="w">2025-08-10</subfield>
    <subfield code="y">BK</subfield>
  </datafield>
  <datafield tag="952" ind1=" " ind2=" ">
    <subfield code="0">0</subfield>
    <subfield code="1">0</subfield>
    <subfield code="2">ddc</subfield>
    <subfield code="4">0</subfield>
    <subfield code="7">1</subfield>
    <subfield code="a">RUCL</subfield>
    <subfield code="b">RUCL</subfield>
    <subfield code="c">REF</subfield>
    <subfield code="d">1955-06-13</subfield>
    <subfield code="l">0</subfield>
    <subfield code="o">R 920.42 WHO 1954</subfield>
    <subfield code="r">2025-08-10 00:00:00</subfield>
    <subfield code="t">C-2</subfield>
    <subfield code="w">2025-08-10</subfield>
    <subfield code="y">BK</subfield>
  </datafield>
  <datafield tag="952" ind1=" " ind2=" ">
    <subfield code="0">0</subfield>
    <subfield code="1">0</subfield>
    <subfield code="2">ddc</subfield>
    <subfield code="4">0</subfield>
    <subfield code="7">1</subfield>
    <subfield code="a">RUCL</subfield>
    <subfield code="b">RUCL</subfield>
    <subfield code="c">REF</subfield>
    <subfield code="d">1955-06-13</subfield>
    <subfield code="l">0</subfield>
    <subfield code="o">R 920.42 WHO 1954 </subfield>
    <subfield code="r">2025-08-10 00:00:00</subfield>
    <subfield code="t">C-3</subfield>
    <subfield code="w">2025-08-10</subfield>
    <subfield code="y">BK</subfield>
  </datafield>
  <datafield tag="952" ind1=" " ind2=" ">
    <subfield code="0">0</subfield>
    <subfield code="1">0</subfield>
    <subfield code="2">ddc</subfield>
    <subfield code="4">0</subfield>
    <subfield code="7">1</subfield>
    <subfield code="a">RUCL</subfield>
    <subfield code="b">RUCL</subfield>
    <subfield code="c">REF</subfield>
    <subfield code="d">1955-06-13</subfield>
    <subfield code="l">0</subfield>
    <subfield code="o">R 920.42 WHO 1954</subfield>
    <subfield code="r">2025-08-10 00:00:00</subfield>
    <subfield code="t">C-1</subfield>
    <subfield code="w">2025-08-10</subfield>
    <subfield code="y">BK</subfield>
  </datafield>
  <datafield tag="952" ind1=" " ind2=" ">
    <subfield code="0">0</subfield>
    <subfield code="1">0</subfield>
    <subfield code="2">ddc</subfield>
    <subfield code="4">0</subfield>
    <subfield code="7">1</subfield>
    <subfield code="a">RUCL</subfield>
    <subfield code="b">RUCL</subfield>
    <subfield code="c">REF</subfield>
    <subfield code="d">1955-06-13</subfield>
    <subfield code="l">0</subfield>
    <subfield code="o">R 920.42 WHO 1954</subfield>
    <subfield code="r">2025-08-10 00:00:00</subfield>
    <subfield code="t">C-1</subfield>
    <subfield code="w">2025-08-10</subfield>
    <subfield code="y">BK</subfield>
  </datafield>
</record>
